[Event "1. Seckbächer Cup"]
[Site "SchemingMind.com"]
[Date "2010.08.17"]
[Round "-"]
[White "zogger"]
[Black "Naoki_M"]
[Result "1-0"]
[WhiteCountry "GER"]
[BlackCountry "JPN"]
[WhiteElo "2075"]
[WhiteRD "65"]
[BlackElo "1735"]
[BlackRD "72"]
[GameID "257761"]

1. f4 d5 2. Nf3 Nf6 3. e3 g6 4. Be2 Bg7 5. d3 O-O 6. O-O c5 7. c3 Nc6 8. Nbd2 b5 9. e4 e6 10. e5 Nd7
11. d4 c4 12. g4 f5 13. gxf5 gxf5 14. Kh1 Ne7 15. Rg1 Ng6 16. Ng5 Qe7 17. Bf1 Nxf4 18. Nb3 Qe8 19. Bxf4 cxb3 20. axb3 a6
21. Bxb5 Bb7 22. Bxd7 Qxd7 23. Qh5 h6 24. Nh7 Kxh7 25. Bxh6 Bxh6 26. Rg6 Kh8 27. Rxh6+ Kg8 28. Rg1+
1-0

[Event "1. Seckbächer Cup"]
[Site "SchemingMind.com"]
[Date "2010.08.17"]
[Round "-"]
[White "Naoki_M"]
[Black "zogger"]
[Result "1/2-1/2"]
[WhiteCountry "JPN"]
[BlackCountry "GER"]
[WhiteElo "1735"]
[WhiteRD "72"]
[BlackElo "2075"]
[BlackRD "65"]
[GameID "257766"]

1. e4 d6 2. d4 Nf6 3. Nc3 g6 4. Bc4 Bg7 5. Nf3 O-O 6. O-O c6 7. d5 b5 8. Bd3 b4 9. Ne2 cxd5 10. exd5 Bg4
11. Ng3 Qa5 12. Bc4 Nbd7 13. a4 Bxf3 14. Qxf3 Ne5 15. Qb3 Nxc4 16. Qxc4 Rfc8 17. Qb3 Qxd5 18. Qxd5 Nxd5 19. Rd1 e6 20. Rd2 Rc6
21. Rb1 Rac8=
1/2-1/2

[Event "1. Seckbächer Cup"]
[Site "SchemingMind.com"]
[Date "2010.08.24"]
[Round "-"]
[White "barnat"]
[Black "XTC"]
[Result "1-0"]
[WhiteCountry "HUN"]
[BlackCountry "COL"]
[WhiteElo "1994"]
[WhiteRD "133"]
[BlackElo "1868"]
[BlackRD "64"]
[GameID "258342"]

1. e4 e5 2. Nf3 Nc6 3. d4 exd4 4. Nxd4 Qh4 5. Nb5 Qxe4+ 6. Be2 Bb4+ 7. Bd2 Kd8 8. O-O Bxd2 9. Nxd2 Qg6 10. Bh5 Qf5
11. c4 a6 12. Nc3 d6 13. Nde4 Nf6 14. Nxf6 Qxf6 15. c5 g6 16. cxd6 gxh5 17. dxc7+ Ke8 18. Nd5
1-0

[Event "1. Seckbächer Cup"]
[Site "SchemingMind.com"]
[Date "2010.08.24"]
[Round "-"]
[White "calidore"]
[Black "jarkus"]
[Result "0-1"]
[WhiteCountry "ISR"]
[BlackCountry "POL"]
[WhiteElo "1423"]
[WhiteRD "66"]
[BlackElo "1665"]
[BlackRD "76"]
[GameID "258346"]

1. e4 c5 2. c3 d5 3. exd5 Qxd5 4. d4 Nf6 5. Nf3 h6 6. Be3 cxd4 7. cxd4 Nc6 8. Nc3 Qa5 9. Bc4 e6 10. O-O Bd6
11. a3 O-O 12. Rc1 Qh5 13. Be2 Qa5 14. h3 e5 15. dxe5 Bxe5 16. Nxe5 Qxe5 17. Bf3 Rd8 18. Qa4 a6 19. Bxc6 bxc6 20. Qxc6 Bd7
21. Qc5 Re8 22. Qxe5 Rxe5 23. Rfd1 Rb8
0-1

[Event "1. Seckbächer Cup"]
[Site "SchemingMind.com"]
[Date "2010.08.24"]
[Round "-"]
[White "XTC"]
[Black "barnat"]
[Result "0-1"]
[WhiteCountry "COL"]
[BlackCountry "HUN"]
[WhiteElo "1868"]
[WhiteRD "64"]
[BlackElo "1994"]
[BlackRD "133"]
[GameID "258347"]

1. e4 c5 2. Nf3 d6 3. c3 Nf6 4. Be2 g6 5. O-O Bg7 6. d3 Nc6 7. Bg5 h6 8. Bxf6 Bxf6 9. Nbd2 O-O 10. Nc4 e6
11. Qd2 d5 12. exd5 exd5 13. Ne3 d4 14. Nc2 dxc3 15. bxc3 Re8 16. Rfe1 g5 17. h3 h5 18. Ne3 g4 19. hxg4 hxg4 20. Nh2 g3
21. fxg3 Rxe3 22. Qxe3 Bxc3 23. Nf3 Nd4 24. Rab1 Bxe1 25. Nxe1 b6 26. Bf3 Rb8
0-1

[Event "1. Seckbächer Cup"]
[Site "SchemingMind.com"]
[Date "2010.08.24"]
[Round "-"]
[White "jarkus"]
[Black "calidore"]
[Result "1-0"]
[WhiteCountry "POL"]
[BlackCountry "ISR"]
[WhiteElo "1665"]
[WhiteRD "76"]
[BlackElo "1423"]
[BlackRD "66"]
[GameID "258351"]

1. d4 Nf6 2. c4 e6 3. Nc3 Bb4 4. a3 Bxc3+ 5. bxc3 h6 6. Nf3 b6 7. g3 Bb7 8. Bg2 O-O 9. O-O d6 10. Bf4 Nbd7
11. Nd2 Bxg2 12. Kxg2 e5 13. Be3 Ng4 14. h3 Nxe3+ 15. fxe3 Qg5 16. Nf3 Qxe3 17. Rc1 f5 18. dxe5 Nxe5 19. Nxe5 dxe5 20. Rf3 Qe4
21. Qd3 Qxd3 22. Rxd3
1-0

[Event "1. Seckbächer Cup"]
[Site "SchemingMind.com"]
[Date "2010.08.29"]
[Round "-"]
[White "bmc2010"]
[Black "Jaschin"]
[Result "0-1"]
[WhiteCountry "USA"]
[BlackCountry "GER"]
[WhiteElo "1346"]
[WhiteRD "94"]
[BlackElo "1605"]
[BlackRD "103"]
[GameID "258469"]

1. e4 e5 2. Nf3 Nc6 3. Nc3 Nf6 4. Be2 d5 5. d3 d4 6. Nd5 Nxd5 7. Bg5 Be7 8. Bxe7 Ncxe7 9. Nxe5 Nf4 10. Bg4 Nxg2+
11. Kf1 Nf4 12. c3 dxc3 13. bxc3 O-O 14. Qb3 Bxg4 15. Nxg4 Qxd3+ 16. Kg1 Ne2+ 17. Kg2 Nf4+ 18. Kg1 Ne2+ 19. Kg2 Qxe4+ 20. f3 Nf4+
21. Kg3 Nf5+ 22. Kf2 Qe2+ 23. Kg1 Qg2#
0-1

[Event "1. Seckbächer Cup"]
[Site "SchemingMind.com"]
[Date "2010.08.28"]
[Round "-"]
[White "lemmie"]
[Black "nimzoking"]
[Result "1-0"]
[WhiteCountry "NED"]
[BlackCountry "ENG"]
[WhiteElo "1803"]
[WhiteRD "65"]
[BlackElo "2216"]
[BlackRD "84"]
[GameID "258470"]

1. e4 c5 2. Nf3 Nc6 3. d4 cxd4 4. Nxd4 g6 5. Nxc6 bxc6 6. Nc3 Bg7 7. Bd2 Rb8 8. Rb1 Qa5 9. a3 Nf6 10. Bd3 Ba6
11. Nd5
1-0

[Event "1. Seckbächer Cup"]
[Site "SchemingMind.com"]
[Date "2010.08.29"]
[Round "-"]
[White "Jaschin"]
[Black "bmc2010"]
[Result "1-0"]
[WhiteCountry "GER"]
[BlackCountry "USA"]
[WhiteElo "1605"]
[WhiteRD "103"]
[BlackElo "1346"]
[BlackRD "94"]
[GameID "258477"]

1. e4 e5 2. Nf3 Nc6 3. Bb5 Nd4 4. Nxd4 exd4 5. O-O c6 6. Ba4 Be7 7. d3 d5 8. exd5 Qxd5 9. Re1 Nf6 10. Bb3 Qd6
11. Bg5 Ng4 12. Rxe7+ Kd8 13. Re6+ Kd7 14. Rxd6+ Kxd6 15. Bxf7 Rf8 16. Qf3 Ne5 17. Qf4 Rxf7 18. Qxd4+ Ke6 19. Nc3 Rf5 20. Re1 Kf7
21. Rxe5 h6 22. Re7+ Kg6 23. Qxg7+ Kh5 24. Qxh6+ Kg4 25. Qh4#
1-0

[Event "1. Seckbächer Cup"]
[Site "SchemingMind.com"]
[Date "2010.08.27"]
[Round "-"]
[White "nimzoking"]
[Black "lemmie"]
[Result "1-0"]
[WhiteCountry "ENG"]
[BlackCountry "NED"]
[WhiteElo "2216"]
[WhiteRD "84"]
[BlackElo "1803"]
[BlackRD "65"]
[GameID "258478"]

1. e4 e5 2. Bc4 Nf6 3. d4 exd4 4. Nf3 Nc6 5. e5 Ne4 6. O-O d6 7. exd6 Nxd6 8. Bd5 Bd7 9. Re1+ Be7 10. Bxc6 Bxc6
11. Nxd4 O-O 12. Nc3 Qd7 13. Nxc6 bxc6 14. Qf3 Rae8 15. Rd1 Bf6 16. Ne4 Re6 17. Nc5
1-0

[Event "1. Seckbächer Cup"]
[Site "SchemingMind.com"]
[Date "2010.08.27"]
[Round "-"]
[White "Scooter"]
[Black "sidra"]
[Result "1-0"]
[WhiteCountry "USA"]
[BlackCountry "HUN"]
[WhiteElo "1901"]
[WhiteRD "62"]
[BlackElo "1787"]
[BlackRD "89"]
[GameID "258601"]

1. d4 d5 2. Nf3 f6 3. Bf4 e6 4. e3 a6 5. Bd3 Nc6 6. O-O Bd6 7. Bxd6 cxd6 8. Nbd2 e5 9. dxe5 dxe5 10. Be2 Nge7
11. c3 O-O 12. Qc2 e4 13. Nd4 Nxd4 14. cxd4 f5 15. Rac1 Nc6 16. a3 Be6 17. b4 Rc8 18. Qb3 b5 19. Rc5 Ne7 20. Rfc1 Qb6
21. Qc2 Rxc5 22. Qxc5 Qxc5 23. Rxc5 Rc8 24. Nb3 Rxc5 25. bxc5 Nc6 26. h3 g6 27. g4 Kg7 28. Kg2 h6 29. Kg3 fxg4 30. hxg4 g5
31. f4 exf3 32. Bxf3 Kf6 33. Na1 a5 34. Nc2 b4 35. axb4 axb4 36. Be2 Ke7 37. Bb5 b3 38. Na3 Kd7 39. Ba4 b2 40. Bc2 Nb4
41. Bh7 Nc6 42. Nb1 Ke7 43. Nc3 Nb4 44. Na4 Bf7 45. Nxb2 Nc6 46. Na4 Be6 47. Nb6 Kf7 48. Bc2 Nb4 49. Bb3 Ke7 50. Na4 Nc6
51. Nc3 Nb4 52. Nb5 Kd7 53. Nd6 Nc6 54. Ba4 Kc7 55. Ne8+ Kd7 56. Ng7 Bf7 57. Nf5 h5 58. gxh5 Bxh5 59. Bxc6+ Kxc6 60. Ne7+ Kd7
61. Nxd5 Bf7 62. Nf6+ Ke7 63. Ne4 Kd7 64. Nxg5 Bg6 65. Kf4 Kc7 66. Ke5 Be8 67. d5 Ba4 68. Ne6+ Kc8 69. d6 Bc6 70. Nd4 Be8
71. c6 Bf7 72. d7+ Kc7 73. Ne6+ Bxe6 74. Kxe6 Kxc6 75. d8=Q Kc5 76. Qd5+
1-0

[Event "1. Seckbächer Cup"]
[Site "SchemingMind.com"]
[Date "2010.08.27"]
[Round "-"]
[White "ok"]
[Black "smozar0406"]
[Result "1-0"]
[WhiteCountry "GER"]
[BlackCountry "IND"]
[WhiteElo "2319"]
[WhiteRD "110"]
[BlackElo "1911"]
[BlackRD "116"]
[GameID "258604"]

1. d4 d5 2. c4 e6 3. Nc3 Nf6 4. Nf3 Be7 5. cxd5 exd5 6. Bf4 O-O 7. e3 Nbd7 8. Bd3 c6 9. h3 h6 10. O-O Nb6
11. Qe2 Bd6 12. Ne5 Qe7 13. Bg3 Nbd7 14. f4
1-0

[Event "1. Seckbächer Cup"]
[Site "SchemingMind.com"]
[Date "2010.08.27"]
[Round "-"]
[White "sidra"]
[Black "Scooter"]
[Result "1-0"]
[WhiteCountry "HUN"]
[BlackCountry "USA"]
[WhiteElo "1750"]
[WhiteRD "97"]
[BlackElo "1846"]
[BlackRD "60"]
[GameID "258608"]

1. d4 Nf6 2. c4 g6 3. e3 Bg7 4. Bd3 O-O 5. Ne2 d6 6. Nbc3 e5 7. dxe5 dxe5 8. O-O Be6 9. Ng3 Nbd7 10. Nce4 b6
11. b3 Qe7 12. a4 Rad8 13. Ba3 c5 14. Qc2 Nxe4 15. Nxe4 Nf6 16. Nxf6+ Qxf6 17. Bb2 Qg5 18. f4 exf4 19. Bxg7 Kxg7 20. exf4 Qf6
21. Rad1 Qd4+ 22. Kh1 Qf6 23. f5 Bxf5 24. Bxf5 Rxd1 25. Rxd1 Qxf5 26. Qc3+ Qf6 27. Qd3 Re8 28. h3 Qe5 29. Kg1 Qe3+ 30. Qxe3 Rxe3
31. Rb1 a5 32. Kf2 Rc3 33. Rb2 f5 34. h4 Kh6 35. Rb1 Kh5 36. g3 Kg4 37. Re1 Rxg3 38. Re7 Kxh4 39. Rxh7+ Kg4 40. Rh6 Kf4
41. Rh4+ Rg4 42. Rh3 Ke5 43. Re3+ Re4 44. Rg3 Rf4+ 45. Ke2 Kf6 46. Ke3 g5 47. Rh3 Re4+ 48. Kd3 Re6 49. Rh6+ Ke5 50. Rh5 g4
51. Ke3 Kf6+ 52. Kf2 Kg6 53. Rh8 Kg5 54. Rd8 f4 55. Rd5+ Kh4 56. Rd8 g3+ 57. Kf3 Re3+ 58. Kxf4
1-0

[Event "1. Seckbächer Cup"]
[Site "SchemingMind.com"]
[Date "2010.08.30"]
[Round "-"]
[White "smozar0406"]
[Black "ok"]
[Result "0-1"]
[WhiteCountry "IND"]
[BlackCountry "GER"]
[WhiteElo "1911"]
[WhiteRD "116"]
[BlackElo "2319"]
[BlackRD "110"]
[GameID "258611"]

1. e4 c5 2. Nf3 Nc6 3. d4 cxd4 4. Nxd4 e6 5. Nc3 Qc7 6. Be2 Be7 7. O-O Nf6 8. Be3 O-O 9. Qd2 a6 10. f4 d5
11. e5 Nd7 12. Kh1 b5 13. a3 Bb7
0-1

[Event "1. Seckbächer Cup"]
[Site "SchemingMind.com"]
[Date "2010.08.28"]
[Round "-"]
[White "jesusch"]
[Black "Nut"]
[Result "0-1"]
[WhiteCountry "ESP"]
[BlackCountry "USA"]
[WhiteElo "1992"]
[WhiteRD "80"]
[BlackElo "1993"]
[BlackRD "75"]
[GameID "258687"]

1. e4 e5 2. Nf3 Nf6 3. Nxe5 d6 4. Nf3 Nxe4 5. d4 d5 6. Bd3 Bd6 7. O-O O-O 8. c4 c6 9. Nc3 Nxc3 10. bxc3 dxc4
11. Bxc4 Bg4 12. h3 Bh5 13. Rb1 b5 14. Bb3 Nd7 15. Re1 Qc7 16. a4 Rae8 17. axb5 cxb5 18. Rxe8 Rxe8 19. Bd2 Nf6 20. Bc2 a6
21. Ra1 Qc8 22. Rc1 Ne4 23. Bxe4 Rxe4 24. c4 Rxd4 25. g4 Rxg4+ 26. hxg4 Qxg4+ 27. Kh1 Qh3+ 28. Kg1 Bxf3
0-1

[Event "1. Seckbächer Cup"]
[Site "SchemingMind.com"]
[Date "2010.08.28"]
[Round "-"]
[White "Nut"]
[Black "jesusch"]
[Result "1-0"]
[WhiteCountry "USA"]
[BlackCountry "ESP"]
[WhiteElo "2015"]
[WhiteRD "79"]
[BlackElo "1973"]
[BlackRD "83"]
[GameID "258695"]

1. e4 c5 2. Nf3 d6 3. d4 cxd4 4. Nxd4 Nf6 5. Nc3 a6 6. Be3 Ng4 7. Bg5 h6 8. Bh4 g5 9. Bg3 Bg7 10. h3 Ne5
11. Nf5 Bxf5 12. exf5 Nbc6 13. Nd5 O-O 14. Be2 e6 15. fxe6 fxe6 16. Ne3 Nd4 17. c3 Nxe2 18. Qxe2 Qa5 19. h4 gxh4 20. Rxh4 Rad8
21. Qc2 b5 22. Bxe5 dxe5 23. Ng4 Qb6 24. Qg6 h5 25. Rxh5 Rf4 26. g3 Rxg4 27. Qxg4 Kf8 28. Rd1 Rxd1+ 29. Qxd1 Qb7 30. Qg4 Kf7
31. Rh7 Kf6 32. Qh4+ Kf7 33. Qg4 Kf6 34. f3 Qf7 35. Qh4+ Kg6 36. g4 Qxf3 37. Qh5+ Kf6 38. g5+
1-0

[Event "1. Seckbächer Cup"]
[Site "SchemingMind.com"]
[Date "2010.11.02"]
[Round "-"]
[White "lemmie"]
[Black "jarkus"]
[Result "1-0"]
[WhiteCountry "NED"]
[BlackCountry "POL"]
[WhiteElo "1758"]
[WhiteRD "67"]
[BlackElo "1566"]
[BlackRD "73"]
[GameID "265188"]

1. e4 e5 2. Nf3 Nc6 3. Nc3 Nf6 4. d4 exd4 5. Nxd4 Bb4 6. Nxc6 dxc6 7. Bd3 O-O 8. Bd2 Bg4 9. f3 Be6 10. a3 Bxc3
11. Bxc3 b5 12. O-O a6 13. Qe1 Nd7 14. Qg3 Nc5 15. Qxg7#
1-0

[Event "1. Seckbächer Cup"]
[Site "SchemingMind.com"]
[Date "2010.11.02"]
[Round "-"]
[White "jarkus"]
[Black "lemmie"]
[Result "0-1"]
[WhiteCountry "POL"]
[BlackCountry "NED"]
[WhiteElo "1566"]
[WhiteRD "73"]
[BlackElo "1758"]
[BlackRD "67"]
[GameID "265191"]

1. d4 d5 2. c4 dxc4 3. e4 e5 4. Bxc4 exd4 5. Nf3 Bb4+ 6. Bd2 Bxd2+ 7. Qxd2 c5 8. O-O Nc6 9. Bb5 Ne7 10. Qd3 Bd7
11. Nbd2 O-O 12. Rac1 Nb4 13. Qb1 Bxb5 14. Rfe1 Nd3 15. b3 Nxc1 16. Rxc1 b6 17. e5 Ng6 18. a4 Bc6 19. Qd3 Re8 20. Qf5 Qc7
21. Nc4 Bxf3 22. Qxf3 Nxe5 23. Nxe5 Qxe5 24. g3 Re6 25. Qxa8+ Re8 26. Qxa7 Qg5 27. Qd7 Qxc1+ 28. Kg2 Qe1 29. Qb5 Qe6 30. a5 bxa5
31. Qxc5 Qxb3 32. Qxd4 a4 33. Qd7 Rf8 34. Qd2 a3 35. Qc1 Qb2
0-1

[Event "1. Seckbächer Cup"]
[Site "SchemingMind.com"]
[Date "2010.11.03"]
[Round "-"]
[White "barnat"]
[Black "Scooter"]
[Result "1-0"]
[WhiteCountry "HUN"]
[BlackCountry "USA"]
[WhiteElo "2208"]
[WhiteRD "79"]
[BlackElo "1905"]
[BlackRD "64"]
[GameID "265619"]

1. e4 e5 2. Nf3 Nc6 3. d4 exd4 4. Nxd4 Bc5 5. Be3 Nxd4 6. Bxd4 Bxd4 7. Qxd4 Qf6 8. e5 Qc6 9. Nc3 Ne7 10. Bd3 Qb6
11. Qxb6 axb6 12. Kd2 O-O 13. Nb5 Nd5 14. Rhe1 c6 15. c4 Nb4 16. Nd6 Na6 17. a3 Nc7 18. Re3 Ne8 19. Kc3 Nxd6 20. exd6 Ra5
21. g4 h5 22. h3 hxg4 23. hxg4 b5 24. Rh1 bxc4 25. Bh7+
1-0

[Event "1. Seckbächer Cup"]
[Site "SchemingMind.com"]
[Date "2010.11.03"]
[Round "-"]
[White "Scooter"]
[Black "barnat"]
[Result "0-1"]
[WhiteCountry "USA"]
[BlackCountry "HUN"]
[WhiteElo "1905"]
[WhiteRD "64"]
[BlackElo "2208"]
[BlackRD "79"]
[GameID "265624"]

1. d4 d5 2. Nf3 Nf6 3. Bf4 c5 4. e3 Nc6 5. h3 Qb6 6. b3 cxd4 7. exd4 Bf5 8. c3 e6 9. Bd3 Ne4 10. Bxe4 Bxe4
11. O-O Be7 12. Nbd2 Bf5 13. Re1 O-O 14. Ne5 Nxe5 15. Bxe5 Ba3 16. Qe2 Rfc8 17. c4 f6 18. c5 Qc6 19. Bd6 Bb2 20. Rad1 Bxd4
21. g4 Bg6 22. Qxe6+ Bf7 23. Qf5 b6 24. b4 bxc5 25. bxc5 Bxc5 26. Bxc5 Qxc5 27. Nb3 Qa3 28. Re2 Re8 29. Rde1 Re4 30. g5 fxg5
31. Qxg5 Rae8 32. Qd2 Qa6 33. Rxe4 dxe4 34. Nc5 Qg6+ 35. Kh2 Qf5 36. Nxe4 Rxe4
0-1

[Event "1. Seckbächer Cup"]
[Site "SchemingMind.com"]
[Date "2010.11.08"]
[Round "-"]
[White "zogger"]
[Black "ok"]
[Result "0-1"]
[WhiteCountry "GER"]
[BlackCountry "GER"]
[WhiteElo "2078"]
[WhiteRD "69"]
[BlackElo "2348"]
[BlackRD "102"]
[GameID "265731"]

1. Nf3 d5 2. g3 Nf6 3. Bg2 c6 4. d3 Bf5 5. Nbd2 h6 6. O-O e6 7. Qe1 Be7 8. e4 Bh7 9. Qe2 O-O 10. e5 Nfd7
11. Nb3 c5 12. Ne1 Nc6 13. f4 b5 14. a4 a6 15. Be3 c4 16. Nd4 Nxd4 17. Bxd4 Qc7 18. Nf3 cxd3 19. cxd3 bxa4 20. Rxa4 Nc5
21. Rc1 Qd7 22. Ra3 Qb5 23. Rcc3 a5 24. Bf1 Na4 25. Rcb3 Bb4 26. Qf2 Rfc8 27. Kg2 Qc6 28. Ra1 Rab8 29. Be2 Be1 30. Qxe1 Rxb3
31. Bd1 Rxb2+ 32. Bxb2 Nxb2 33. Nd4 Qc5 34. Nb3 Qb4 35. Qxb4 axb4 36. d4 Nxd1 37. Rxd1 Bc2 38. Rc1 Rc4
0-1

[Event "1. Seckbächer Cup"]
[Site "SchemingMind.com"]
[Date "2010.11.04"]
[Round "-"]
[White "ok"]
[Black "zogger"]
[Result "1-0"]
[WhiteCountry "GER"]
[BlackCountry "GER"]
[WhiteElo "2348"]
[WhiteRD "102"]
[BlackElo "2078"]
[BlackRD "69"]
[GameID "265734"]

1. f4 e5 2. e4 d5 3. exd5 exf4 4. Nf3 Nf6 5. Bb5+ c6 6. dxc6 Nxc6 7. d4 Bd6 8. O-O O-O 9. Nbd2 Bg4 10. c3 Re8
11. Bd3 Nd5 12. Re1 Bc7 13. Rxe8+ Qxe8 14. Ne4 Bb6 15. Qf1 Qd7 16. Bd2 f5 17. Nf2 Bxf3 18. gxf3 Ne3 19. Qh3 Re8 20. Bxe3 fxe3
21. Bxf5 exf2+ 22. Kxf2 Qd5 23. Bxh7+ Kf8 24. Be4 Qe6 25. Qh8+ Qg8 26. Qh4 g5 27. Qg4 Qf7 28. Kg2 Qf6 29. Rh1 Bd8 30. Qh5 Bc7
31. h4 gxh4 32. Qxh4 Qxh4 33. Rxh4 Ke7 34. f4 Kd6 35. Kf3 a6 36. Rh7 Re7 37. Rh6+ Re6 38. Rxe6+ Kxe6 39. d5+
1-0

[Event "1. Seckbächer Cup"]
[Site "SchemingMind.com"]
[Date "2010.12.24"]
[Round "-"]
[White "lemmie"]
[Black "barnat"]
[Result "0-1"]
[WhiteCountry "NED"]
[BlackCountry "HUN"]
[WhiteElo "1767"]
[WhiteRD "79"]
[BlackElo "2236"]
[BlackRD "78"]
[GameID "270919"]

1. e4 c5 2. Nf3 e6 3. d4 cxd4 4. Nxd4 a6 5. Nc3 Nc6 6. Nxc6 bxc6 7. Bd3 d6 8. O-O Nf6 9. f4 Be7 10. Kh1 Qc7
11. Qe1 h5 12. h3 Nd7 13. Bd2 Rb8 14. Rb1 h4 15. f5 Ne5 16. fxe6 Bxe6 17. Bxa6 Qd7 18. a3 Bxh3 19. Qe3 Be6 20. Na4 h3
0-1

[Event "1. Seckbächer Cup"]
[Site "SchemingMind.com"]
[Date "2010.12.24"]
[Round "-"]
[White "barnat"]
[Black "lemmie"]
[Result "1-0"]
[WhiteCountry "HUN"]
[BlackCountry "NED"]
[WhiteElo "2236"]
[WhiteRD "78"]
[BlackElo "1767"]
[BlackRD "79"]
[GameID "270921"]

1. e4 e5 2. Nf3 Nc6 3. d4 exd4 4. Nxd4 Nxd4 5. Qxd4 Qf6 6. e5 Qb6 7. Qxb6 axb6 8. Nc3 Bb4 9. Bd2 c6 10. Bc4 b5
11. Bb3 d5 12. exd6 Bxd6 13. O-O-O Ne7 14. Ne4 Bc7 15. Rhe1 O-O 16. Bb4 Re8 17. Bd6 Bxd6 18. Nxd6
1-0